Cien poesías rioplatenses: 1800-1950 Antología

Bewaard in:
Bibliografische gegevens
Hoofdauteur: Bartholomew, Roy (Auteur)
Formaat: Boek
Taal:Spaans
Gepubliceerd in: Buenos Aires Raigal 1954
Onderwerpen:
Tags: Voeg label toe
Geen labels, Wees de eerste die dit record labelt!

MARC

LEADER 00000nam a2200000 a 4500
001 UCT3595
003 CL-VaPUC
008 961024e19540000AG |||||||||||||||||spa|d
082 0 4 |a Ar861  |b BAR  |2 21 
100 0 |a Bartholomew, Roy  |e author  |9 372513 
245 1 0 |a Cien poesías rioplatenses: 1800-1950 Antología 
300 |a 398 p 
942 |c BK 
945 |d 19961024 00:00:00  |a rleighto 
260 |a Buenos Aires  |b Raigal  |c 1954 
650 0 |a Poesía argentina  |9 265575 
583 |a last modification  |c 19961024 00:00:00  |k Rodrigo Vera 
999 |c 253174  |d 253172 
952 |0 0  |1 0  |4 0  |6 AR_861_000000000000000_BAR_1954  |7 0  |8 A  |9 273815  |a BIBEDU  |b BIBEDU  |d 2019-11-19  |i 3242196  |o Ar861 BAR 1954  |p 3242196  |r 2019-11-19  |w 2019-11-19  |y BK  |k LIT 
952 |0 0  |1 0  |4 0  |6 AR_861_000000000000000_BAR_1954  |7 0  |8 A  |9 273816  |a BIBEDU  |b BIBEDU  |d 2019-11-19  |i 3258971  |o Ar861 BAR 1954  |p 3258971  |r 2019-11-19  |w 2019-11-19  |y BK  |k LIT